| 000 | 01059cam a2200277 a 4500 | ||
|---|---|---|---|
| 001 | 4011692 | ||
| 003 | OSt | ||
| 005 | 20240614104849.0 | ||
| 008 | 960909s1996 enka b 001 0 eng d | ||
| 015 | _aGB96-71620 | ||
| 020 | _a0521567386 | ||
| 020 | _a0521563127 | ||
| 040 | _cMUST | ||
| 082 | 0 | 0 | _a515 COM 1996 |
| 100 |
_aK Eriksson... ( et al) _917186 |
||
| 245 | 0 | 0 |
_aComputational differential equations / _cK. Eriksson ... [et al.]. |
| 260 |
_aCambridge ; _aNew York : _bCambridge University Press, _c1996. |
||
| 300 |
_axvi, 538 p. : _bill., ports. ; _c23 cm. |
||
| 504 | _aIncludes bibliographical references (p. 529-530) and index. | ||
| 650 | 0 |
_aDifferential equations _xData processing. _917187 |
|
| 700 | 1 |
_aEriksson, K. _q(Kenneth) _917188 |
|
| 856 | 4 | 2 |
_3Publisher description _uhttp://www.loc.gov/catdir/description/cam028/96226100.html |
| 856 | 4 | 1 |
_3Table of contents _uhttp://www.loc.gov/catdir/toc/cam026/96226100.html |
| 942 |
_2ddc _cO_SHELF |
||
| 999 |
_c8454 _d8454 |
||